Video Games Quiz - Statistics

General Stats
  • This quiz has been taken 259 times
  • The average score is 4 of 9
Answer Stats
Hint Answer % Correct
What game is made of blocks? Minecraft
96%
In what game do you meet Pinky and other ghosts? Pacman
71%
In what game do you dance with an animated person to popular songs. Just Dance
58%
In what game do you control people? The Sims
57%
In what game do you try to build a very big city? Sim City
51%
What game do you try to make an amazing theme park? Roller Coaster Tycoon
37%
What is the most popular hiest game as of today? Grand Theft Auto 5
34%
This is the most common program used to create your own video games? Scratch
12%
In what game do you have guns, many missions, and play as a teenager? Halo
7%
No matching quizzes found
Score Distribution
Percent of People with Each Score
Percentile by Number Answered
Your Score History
You have not taken this quiz